000 00255nam a2200097Ia 4500
001 815882
005 20250826171705.0
008 250824s9999 xx 000 0 und d
245 0 _aTÜRKÜ ÇOCUK
_cFEYZA HEPÇİLİNGİRLER
260 _bKIRMIZI KEDİ YAYINLARI
999 _c815882
_d815882